Central Library OPAC University of Rajshahi

Techniques in geomorphology / (Record no. 10566)

MARC details
000 -LEADER
fixed length control field 00716nam a2200229 a 4500
001 - CONTROL NUMBER
control field 10566
003 - CONTROL NUMBER IDENTIFIER
rucl marc code BD-RjUL
005 - DATE AND TIME OF LATEST TRANSACTION
control field 20211208234958.0
008 - FIXED-LENGTH DATA ELEMENTS--GENERAL INFORMATION
fixed length control field 140125r1975 enk b 00110 eng d
020 ## - INTERNATIONAL STANDARD BOOK NUMBER
International Standard Book Number 0713152389 (pbk.)
035 ## - SYSTEM CONTROL NUMBER
System control number (BD-RjUL)10614
040 ## - CATALOGING SOURCE
Original cataloging agency WLB
Transcribing agency WLB
Language of cataloging eng
Modifying agency BD-RjUL
041 ## - LANGUAGE CODE
Language code of text/sound track or separate title eng
082 ## - DEWEY DECIMAL CLASSIFICATION NUMBER
Classification number 551.4
Author mark and year KIT 1975
100 10 - MAIN ENTRY--PERSONAL NAME
Personal name King, Cuchlaine A. M.
Fuller form of name (Cuchlaine Audrey Muriel)
9 (RLIN) 32662
245 10 - TITLE STATEMENT
Title Techniques in geomorphology /
Statement of responsibility, etc. Cuchlaine A.M. King.
260 0# - PUBLICATION, DISTRIBUTION, ETC. (IMPRINT)
Place of publication, distribution, etc. London :
Name of publisher, distributor, etc. E. Arnold,
Date of publication, distribution, etc. c1966 [reprinted 1975].
300 ## - PHYSICAL DESCRIPTION
Pagination ix, 342 p. :
Illustrations illus. ;
Size 22 cm.
504 ## - BIBLIOGRAPHY, ETC. NOTE
Bibliography, etc Includes bibliographical references and index.
650 #0 - SUBJECT ADDED ENTRY--TOPICAL TERM
Topical term or geographic name as entry element Geomorphology
General subdivision Technique.
9 (RLIN) 32663
942 ## - ADDED ENTRY ELEMENTS (KOHA)
Source of classification or shelving scheme Dewey Decimal Classification
Koha item type Books
Holdings
Lost status Source of classification or shelving scheme Damaged status Not for loan Collection code Permanent Location Current Location Shelving location Date acquired Source of acquisition Cost, normal purchase price Total Checkouts Full call number Date last seen Copy number Koha item type
  Dewey Decimal Classification     Non-fiction Central Library, University of Rajshahi Central Library, University of Rajshahi   31/12/1980 Helfers 3.75   551.4 KIT 1975 25/01/2014 C-4 Books
  Dewey Decimal Classification   Not For Loan Non-fiction Central Library, University of Rajshahi Central Library, University of Rajshahi Reading Room 09/05/1967 Mirza Book 30.00   551.4 KIT 1975 03/04/2017 C-1 Books
  Dewey Decimal Classification   Not For Loan Non-fiction Central Library, University of Rajshahi Central Library, University of Rajshahi Reading Room 08/03/1967 Mirza Book agency     551.4 KIT 1975 19/04/2017 C-2 Books
  Dewey Decimal Classification     Non-fiction Central Library, University of Rajshahi Central Library, University of Rajshahi   31/12/1980 Heffers 3.75   551.4 KIT 1975 17/05/2017 C-3 Books